Guess the color by RGB code - Statistics

General Stats
  • This quiz has been taken 41 times
  • The average score is 7 of 10
Answer Stats
Question Answer % Correct
R: 255 G: 255 B: 255
100%
R: 000 G: 000 B: 000
100%
R: 255 G: 255 B: 000
75%
R: 122 G: 30 B: 000
75%
R: 000 G: 255 B: 255
75%
R: 140 G: 110 B: 000
75%
R: 255 G: 000 B: 102
50%
R: 255 G: 200 B: 000
50%
R: 140 G: 255 B: 000
50%
R: 25 G: 000 B: 255
25%
No matching quizzes found
Score Distribution
Percent of People with Each Score
Percentile by Number Answered
Your Score History
You have not taken this quiz